| 000 | 00697nam a22001817a 4500 | ||
|---|---|---|---|
| 008 | 160811b xxu||||| |||| 00| 0 eng d | ||
| 020 | _a9780750678926 | ||
| 082 |
_22009 _aDC 658.3008 _bM29 |
||
| 100 |
_912734 _aMaltabia, Terrence E. |
||
| 245 |
_aA leader's guide to leveraging diversity/ _bstrategic learning capabilities for breakthrough performance/ _cTerrence E. Maltabia and Anne T. Power. |
||
| 260 |
_aAmsterdam: _bElsevier, _cc2009. |
||
| 300 |
_axxiii, 272 pages: _billustrations; _c23 cm. |
||
| 500 | _aIncludes bibliographical references appendices,and index. | ||
| 650 | 0 |
_912735 _aLeadership |
|
| 700 |
_912736 _aPower, Anne T. _eAuthor |
||
| 365 |
_aPhp _b2895.00 |
||
| 942 |
_2ddc _cDC |
||
| 999 |
_c3830 _d3830 |
||